000 00711cam a2200265 4500
001 2507287
003 YEEZEN
005 20250711132818.0
008 240821s2024 ch ac e 000 0 chi d
020 _a9786263643307
_q(平裝) :
_c新臺幣450元
040 _aSAN
_bchi
_c桃市圖
_eCCR
041 0 _achi
042 _anbic
084 _a483.8
_2ncsclt
090 _a483.8
100 1 _a童榮地
_e
245 1 0 _a小資男的必比登之旅 /
_c童榮地著
250 _a初版
260 _a臺中市 :
_b白象文化,
_c2024.06
300 _a123面 :
_b彩圖, 彩像 ;
_c21公分
650 7 _a餐飲業
_2lcstt.
650 7 _a餐廳
_2lcstt.
651 7 _a臺北市
_2lcstt.
942 _2ccl
_cBOOK
999 _c7654
_d7654